000 00226nam a2200097Ia 4500
008 240331s9999 xx 000 0 und d
082 _bPUT
100 _aShanmugasundaram, S . ed
245 0 _aPuthuvai naattuppurviyal
942 _cL
999 _c3646
_d3646